Países más cercanos a la Chequia - Estadísticas

Estadísticas generales
  • Esta prueba ha sido intentada 75 veces
  • La puntuación promedio es 18 de 20
Estadísticas de respuestas
km país % Correcto
0 Alemania
97%
0 Eslovaquia
97%
200 Eslovenia
97%
70 Hungría
97%
0 Polonia
97%
0 Austria
94%
404 Bélgica
93%
234 Croacia
93%
313 Francia
93%
218 Italia
93%
330 Serbia
93%
314 Suiza
91%
401 Luxemburgo
90%
421 Dinamarca
88%
334 Liechtenstein
88%
429 Países Bajos
88%
263 Ucrania
88%
395 Bielorrusia
87%
321 Rumania
87%
371 Bosnia y Herzegovina
84%
No se encontraron pruebas coincidentes
Distribución de puntuación
Porcentaje de gente con cada puntuación
Porcentaje por número respondido
Historial de tus puntuaciones
No has intentado esta prueba.